00337nam a2200133Ia 4500008004100000020001500041041001200056082001100068100001200079245005100091260003900142300000800181650001400189221030s9999 xx 000 0 und d a8131731666 aEnglish a105.23 aK. Garg 0aMobile Computing Theory & Practicecby K. Garg bPearson EdcuationaNew Delhic2010 a218 aComputers